[Event "Netanya Open 2019"]
[Site "Netanya"]
[Date "2019.06.23"]
[Round "1.20"]
[White "Sherman, Reem"]
[Black "Bar, Roman"]
[Result "1/2-1/2"]
[WhiteElo "1978"]
[BlackElo "2497"]
[Annotator "TA"]
[PlyCount "196"]
[EventDate "2019.06.23"]
[EventType "swiss"]
[EventCountry "ISR"]
[SourceTitle "playchess.com"]
[Source "ChessBase"]
[SourceQuality "1"]

{[%evp 20,196,50,22,54,50,50,40,36,35,42,41,60,10,28,0,0,9,9,2,58,75,61,0,117,72,69,0,39,-58,-27,-148,-167,-133,-118,-116,-116,-151,-20,-24,-18,-18,-24,-260,-258,-234,-135,-343,-259,-265,-264,-243,-251,-447,342,326,341,342,328,328,315,310,302,250,231,217,171,59,58,55,55,54,172,164,219,151,314,112,314,289,445,445,445,445,440,418,437,432,417,407,454,397,553,486,2599,2008,1558,1543,10127,8336,8626,6341,12138,7468,29978,29962,29961,29963,29961,29962,29968,29966,29970,29971,29970,29971,29974,29973,29975,29974,29974,29975,29975,29973,29972,29972,29973,29974,29980,29960,29980,29981,29981,29982,29990,29991,29991,29990,29990,29990,29990,29990,29990,29985,29985,0,29990,0,29990,29990,29990,83,83,83,83,83,83,83,83,83,83,82,82,75,83,83,83,75,83,83,83,83,83,83,83,83,83,83,83]} 1. e4 c5 2. Nf3 Nc6 3. d4 cxd4 4. Nxd4 g6 5. Be3 Nf6 6. Nc3 Bg7 7. Bc4 O-O 8. Bb3 Qa5 9. O-O d6 10. h3 Bd7 11. f4 Rfe8 {B35: Sicilian: Accelerated Dragon with 5 Nc3: main line} (11... Rfc8 12. Nf3 Be8 13. Qe1 e6 14. Rd1 Rd8 15. g4 b5 16. f5 b4 17. Ne2 d5 18. fxe6 Nxe4 19. Nf4 {½-½ (35) Caruana,F (2804)-Mamedyarov,S (2746) Shamkir 2016}) 12. Nf3 Be6 $146 ({Predecessor:} 12... Rac8 13. Ng5 Nd8 14. Qd3 a6 15. Rae1 h6 16. Nf3 Be6 17. e5 dxe5 18. fxe5 Nh7 19. Nd5 Bxd5 20. Bxd5 e6 21. Bb3 Nc6 22. c3 Red8 23. Qe4 Rd7 24. Nd4 Qxe5 {½-½ (24) Ruiz Castillo,J (2399)-Arenas Vanegas,D (2455) Bogota 2013}) 13. Bxe6 fxe6 {White is slightly better.} 14. Ng5 Nd8 $1 15. Qd3 Rc8 16. f5 Nd7 {[%cal Rg7c3]} 17. fxe6 Ne5 $1 {[%cal Re5d3]} 18. Qe2 h6 19. Nf7 {Threatening Nxd8.} Ndxf7 (19... Nxe6 $11 20. Nxe5 Qxe5) 20. exf7+ $14 Nxf7 21. Qg4 (21. Nd5 $1 $14) 21... Nh8 (21... Ne5 $11 22. Qe6+ Kh7) 22. Nd5 Rxc2 23. Qh4 (23. a4 $14) 23... Kh7 24. Rf3 (24. a4 $14) 24... Rxb2 25. Raf1 (25. a3 $11 {remains equal.}) 25... Qxa2 $17 26. Qg4 h5 27. Qg5 Rb1 28. g4 Rf8 (28... Rxf1+ $17 29. Rxf1 Qe2) 29. Rxf8 $11 Bxf8 30. Bc1 $1 Qc4 31. Qf4 $2 (31. gxh5 $11 {and White stays safe.} Qd4+ 32. Kh2 Qe5+ 33. Qxe5 dxe5 34. Rxf8 Rxc1 35. Re8) 31... Bg7 $19 32. gxh5 Qd4+ (32... Qd3 $1 $19 33. hxg6+ Nxg6) 33. Kh1 $2 (33. Kg2 $17) 33... Qe5 34. hxg6+ Nxg6 35. Qg4 e6 36. Nc7 $2 {[#]} (36. Rg1 {was necessary.} exd5 37. Qxg6+ Kh8 38. Re1) 36... Rb4 $4 {[%mdl 8192]} (36... Nf4 $1 $19 {[%mdl 512] avoids the disaster.} 37. Qf3 (37. Bxf4 Rxf1+) 37... Nh5 38. Nxe6 Ng3+ {[%mdl 64] Double Attack, Zwischenzug} 39. Kg2 Qxe6 40. Kxg3 Rb3) 37. Nxe6 $18 {Hoping for Ng5+.} Bf6 38. Bg5 $1 ({And not} 38. Ng5+ Bxg5 39. Bxg5 (39. Qh5+ Kg7 $17) 39... Qxe4+ 40. Qxe4 Rxe4 $15) 38... Qxe4+ 39. Qxe4 Rxe4 40. Rxf6 {White wants to mate with Rf7+.} Ne5 41. h4 Ng4 {[#]} 42. Rf7+ $1 Kg6 43. Re7 ({Better is} 43. Rg7+ $18 Kf5 44. Nd8) 43... Kf5 $1 $14 44. Ng7+ Kg6 {next ...Rxe7 is good for Black.} 45. Rxb7 {Black must now prevent Kg2.} a5 (45... Nh6 $1 $14) 46. Kg2 $18 a4 (46... Nf6 $142 47. Kf3 Rb4) 47. Kf3 d5 $2 (47... Rc4 $16 48. Ne8 Ne5+ 49. Ke3 Ng4+ 50. Ke2 Rd4) 48. Ne6 $2 (48. Ne8 $18 {has better winning chances.}) 48... Nh2+ $2 (48... Kf5 $16) 49. Kg3 Nf1+ (49... Rxe6 {might work better.} 50. Kxh2 Ra6) 50. Kf2 Rxe6 51. Kxf1 {[%mdl 4096] Endgame KRB-KR} Ra6 {Now ...a3 and Black clings on.} 52. Rb1 a3 53. Ke2 a2 54. Ra1 Kh5 55. Kd3 Ra7 56. Kc3 Ra6 (56... Kg4 $142 57. Kb3 Rb7+ 58. Kxa2 Kf5) 57. Kb2 Rb6+ 58. Kxa2 Rb7 59. Rd1 Rb5 60. Ka3 Kg6 61. Ka4 Rc5 62. Kb4 Rc4+ 63. Kb5 Re4 64. Rxd5 Kh5 65. Kc5 Kg6 66. Kd6 Ra4 67. Ke5 Kh5 68. Kf5 Rd4 69. Re5 Rd5 70. Bf6 Rd1 71. Re4 Rf1+ 72. Rf4 Rg1 73. Rf3 Rb1 74. Rf2 Rc1 75. Be5 Rh1 76. Rc2 Kxh4 {[#]} 77. Bf4 $1 Kh3 78. Ra2 Kh4 79. Rb2 Kh3 80. Rf2 Kh4 81. Rf3 Rg1 82. Rf2 {[%cal Rf2h2]} Rh1 {Black hopes to continue with ...Rh3.} 83. Rb2 Kh3 $1 84. Rc2 Kh4 85. Rc3 $2 (85. Rd2 {mates} Kh3 86. Kg5 Rg1+ 87. Kh5 Rg3 88. Rf2 Rg5+ 89. Bxg5 Kg3 90. Be3) 85... Rg1 $16 {White is better.} 86. Rf3 {Rf2 would kill now.} Rg8 87. Be5 Rg5+ 88. Ke4 Kh5 89. Bf6 Rg4+ 90. Kf5 {White threatens Rh3+ and mate.} Rg5+ 91. Ke6 Rg2 92. Rf4 Kg6 93. Be5 Rg1 94. Rf8 {Threatening mate with Rg8+.} Rg4 95. Rf6+ Kh5 96. Kf5 Rg5+ 97. Ke4 Rg6 98. Rf1 Rg4+ {Accuracy: White = 46%, Black = 42%.} 1/2-1/2

[Event "Netanya Open 2019"]
[Site "Netanya"]
[Date "2019.06.23"]
[Round "1.21"]
[White "Khmelniker, Ilya"]
[Black "Feldman, Antony"]
[Result "1-0"]
[WhiteElo "2483"]
[BlackElo "1972"]
[Annotator "TA"]
[PlyCount "41"]
[EventDate "2019.06.23"]
[EventType "swiss"]
[EventCountry "ISR"]
[SourceTitle "playchess.com"]
[Source "ChessBase"]
[SourceQuality "1"]

{[%evp 11,41,29,41,31,84,85,118,102,117,93,110,104,118,117,109,95,100,102,99,102,95,102,99,111,104,108,236,230,209,227,217,217]} 1. d4 g6 2. c4 Bg7 3. Nc3 d6 4. Nf3 ({Predecessor:} 4. g3 Nc6 5. Nf3 Bg4 6. d5 Ne5 7. Bg2 Bxf3 {1-0 (8) Chifor,E-Mergeanu,B ICCF email 2010}) 4... Bg4 5. g3 Bxf3 6. exf3 Nc6 7. d5 {A41: 1 d4 d6: Tartakower System and Modern Defence} Ne5 $146 (7... Nd4 $14) (7... Nd4 8. Bh3 c5 9. dxc6 bxc6 10. Be3 e5 11. O-O Ne7 12. f4 O-O 13. fxe5 dxe5 14. Bxd4 exd4 {0-1 (27) Dvirnyy,D (2542)-Demuth,A (2538) Antalya 2017}) 8. Bg2 Qd7 9. Qe2 {White is better.} Qf5 10. Ne4 $1 {And now f4 would win.} Nf6 11. g4 Qc8 12. Ng3 b5 13. cxb5 Ned7 14. O-O O-O 15. Rd1 ({Wrong is} 15. Qxe7 $2 Re8 $19) 15... Nb6 {[#]} 16. a4 $1 {[%cal Ba2a4,Ba4a5][%mdl 32] g5 is the strong threat.} (16. Qxe7 $2 Re8 $19) 16... a6 17. bxa6 ({Don't go for} 17. Qxe7 $2 Re8 $19) 17... Qxa6 18. a5 Nfxd5 (18... Qxe2 $16 {keeps fighting.} 19. Nxe2 Nfd7) 19. Qxa6 $18 {White is clearly better.} Rxa6 {[#]} 20. Bf1 $1 {[%cal Rf1a6]} ({Don't do} 20. Ra3 Nc4 $14) 20... Raa8 21. Ra3 {Accuracy: White = 100%, Black = 60%.} 1-0

[Event "Netanya Open 2019"]
[Site "Netanya"]
[Date "2019.06.23"]
[Round "1.22"]
[White "Neiman, Maks"]
[Black "Flom, Gabriel"]
[Result "0-1"]
[WhiteElo "1964"]
[BlackElo "2480"]
[Annotator "TA"]
[PlyCount "38"]
[EventDate "2019.06.23"]
[EventType "swiss"]
[EventCountry "ISR"]
[SourceTitle "playchess.com"]
[Source "ChessBase"]
[SourceQuality "1"]

{[%evp 14,38,6,-17,18,-26,-2,-16,6,6,6,-13,-27,-43,-40,-64,-31,-148,-144,-153,-150,-365,-347,-343,-346,-337,-345]} 1. d4 Nf6 2. Bf4 e6 3. e3 c5 4. Nf3 d5 5. c3 Nc6 6. Nbd2 Be7 7. Bd3 Nh5 8. Bg3 g6 {D02: 1 d4 d5 2 Nf3 sidelines, including 2...Nf6 3 g3 and 2...Nf6 3 Bf4} (8... Nxg3 9. hxg3 h6 10. Ne5 Nxe5 11. dxe5 Bd7 12. Qg4 Bf8 13. a4 Qc7 14. Nf3 O-O-O 15. Bb5 Kb8 16. O-O {1-0 (43) Kamsky,G (2741)-Jakovenko,D (2713) Khanty-Mansiysk 2013}) 9. Qe2 Qb6 10. Rb1 cxd4 $146 {The position is equal.} ({Predecessor:} 10... Nxg3 11. hxg3 Bd7 12. g4 O-O-O 13. g5 Kb8 14. g3 Rc8 15. Kf1 c4 16. Bc2 {0-1 (24) Van Mechelen,J (2247)-Michiels,B (2536) Gent 2017}) 11. exd4 O-O 12. Ne5 Nxe5 13. Bxe5 f6 14. Bg3 $1 e5 15. c4 ({White should try} 15. dxe5 $15 Nxg3 16. hxg3 fxe5 17. Qxe5 Qxf2+ 18. Kd1) 15... Qxd4 $17 16. cxd5 Bb4 17. O-O $2 (17. Qe4 $17) 17... Bxd2 18. Qxd2 Nxg3 ({Not} 18... Qxd5 19. b3 $17) 19. hxg3 {[#]} e4 $1 {Accuracy: White = 21%, Black = 67%.} ({Weaker is} 19... Qxd5 20. b3 $17) 0-1

[Event "Netanya Open 2019"]
[Site "Netanya"]
[Date "2019.06.23"]
[Round "1.23"]
[White "Grinberg, Eyal"]
[Black "Kinberg, Ofer"]
[Result "1-0"]
[WhiteElo "2474"]
[BlackElo "1962"]
[Annotator "TA"]
[PlyCount "91"]
[EventDate "2019.06.23"]
[EventType "swiss"]
[EventCountry "ISR"]
[SourceTitle "playchess.com"]
[Source "ChessBase"]
[SourceQuality "1"]

{[%evp 10,91,20,17,31,27,49,44,45,44,44,47,51,46,42,41,55,48,64,54,60,54,68,59,80,80,102,102,100,100,92,94,99,85,106,105,123,118,128,106,125,119,126,127,126,115,118,104,175,143,135,119,195,180,182,148,169,170,286,297,280,291,283,273,349,328,364,339,508,508,508,495,453,440,1863,1754,1128,1077,29979,29981,29981,29982,29980,29981]} 1. e4 e5 2. Nf3 Nc6 3. Bb5 a6 4. Ba4 Nf6 5. Nc3 Bb4 6. Nd5 {[#] Threatens to win with Bxc6.} Nxd5 {C77: Ruy Lopez: 3...a6 4 Ba4 Nf6, unusual lines} 7. exd5 Ne7 $146 ({Predecessor:} 7... Nd4 8. Nxe5 Qg5 9. O-O b5 10. Bb3 Nxb3 11. axb3 O-O 12. d4 Qe7 13. c3 f6 14. Nd3 {1-0 (35) Lagarde,M (2610)-Nguyen Cadoret,N (2214) Cappelle-la-Grande 2019}) 8. Nxe5 Nxd5 {White is slightly better.} 9. Bb3 c6 $1 10. O-O {Strongly threatening Qg4.} O-O 11. Bxd5 cxd5 12. d4 $36 {[%mdl 2048] White has good play.} Be7 13. Nd3 d6 14. Nf4 Be6 15. Re1 Qd7 16. Qf3 Rae8 17. Nxd5 Qc6 18. Nxe7+ Rxe7 19. Qxc6 bxc6 20. Bf4 Rd7 21. Re3 Rb8 22. b3 g6 23. f3 Rb4 24. c3 Rb6 25. c4 d5 26. c5 Rb4 27. Be5 Rdb7 28. Bf6 h5 (28... a5 $16 {was called for.}) 29. h3 a5 30. g4 h4 (30... a4 $16) 31. Kf2 a4 32. Rd3 Ra7 {intending ...axb3.} 33. Rb1 axb3 (33... Rab7 {might work better.} 34. Bxh4 Kg7) 34. Rdxb3 $18 Rxa2+ 35. Ke3 Rxb3+ 36. Rxb3 {[%mdl 4096] [#] Endgame Threatening mate with Rb8+. KRB-KRB} Ra8 37. Kf4 ({Not} 37. Bxh4 Kg7 $18) 37... Kf8 38. Bxh4 Re8 (38... Kg7 {was necessary.} 39. Ke5 Bd7 40. Bf6+ Kf8) 39. Bf6 Bd7 40. Rb7 Re6 41. Kg5 ({Less strong is} 41. Rxd7 Rxf6+ 42. Kg3 Ke8 $18) 41... Be8 (41... Bc8 $142) 42. f4 Re3 43. Be5 Rxh3 44. Kf6 {White mates.} Re3 45. Rb8 Re2 46. f5 {Accuracy: White = 85%, Black = 39%.} 1-0

[Event "Netanya Open 2019"]
[Site "Netanya"]
[Date "2019.06.23"]
[Round "1.24"]
[White "Friedland, Eldar"]
[Black "Gorodetzky, David"]
[Result "1/2-1/2"]
[WhiteElo "1959"]
[BlackElo "2461"]
[Annotator "RC"]
[PlyCount "55"]
[EventDate "2019.06.23"]
[EventType "swiss"]
[EventCountry "ISR"]
[SourceTitle "playchess.com"]
[Source "ChessBase"]
[SourceQuality "1"]
[TimeControl "40/5400+30:1800+30"]

1. d4 {[%emt 0:00:00]} Nf6 {[%emt 0:00:00]} 2. c4 {[%emt 0:00:00]} e6 {[%emt 0:00:00]} 3. Nc3 {[%emt 0:00:00]} Bb4 {[%emt 0:00:00]} 4. e3 {[%emt 0:00:44]} O-O {[%emt 0:02:34]} 5. Nge2 {[%emt 0:00:22]} c6 {[%emt 0:07:40]} 6. a3 {[%emt 0:01:26]} Ba5 {[%emt 0:00:33]} 7. c5 {[%emt 0:00:28]} d6 {[%emt 0:05:06]} 8. cxd6 {[%emt 0:06:31]} Qxd6 {[%emt 0:00:57]} 9. b4 {[%emt 0:00:29]} Bc7 {[%emt 0:03:56]} 10. g3 {[%emt 0:00:50]} e5 {[%emt 0:08:56]} 11. Bg2 {[%emt 0:07:04]} Rd8 {[%emt 0:14:02]} 12. Bb2 {[%emt 0:17:30]} Qe7 {[%emt 0:10:06]} 13. O-O {[%emt 0:07:51]} e4 {[%emt 0:06:36]} 14. Qc2 {[%emt 0:04:26]} Bf5 {[%emt 0:00:11]} 15. b5 {[%emt 0:09:13]} cxb5 {[%emt 0:01:42]} 16. Nxb5 {[%emt 0:02:22]} Ba5 {[%emt 0:09:25]} 17. Qc5 {[%emt 0:18:16]} Nc6 {[%emt 0:06:04]} 18. Bc3 {[%emt 0:08:36]} Qd7 {[%emt 0:04:55]} 19. Bxa5 {[%emt 0:06:20]} Nxa5 {[%emt 0:00:13]} 20. Qb4 {[%emt 0:02:40]} b6 {[%emt 0:00:56]} 21. Rac1 {[%emt 0:00:22]} Nd5 {[%emt 0:07:18]} 22. Qb1 {[%emt 0:00:26]} Qe7 {[%emt 0:01:53]} 23. Nec3 {[%emt 0:01:19]} Nf6 {[%emt 0:01:25]} 24. d5 {[%emt 0:00:46]} Bg6 {[%emt 0:02:38]} 25. Rfd1 {[%emt 0:01:17]} Qe5 {[%emt 0:01:50]} 26. d6 {[%emt 0:00:46]} Nb7 {[%emt 0:01:19]} 27. Nc7 {[%emt 0:00:23]} Rac8 {[%emt 0:00:33]} 28. N3b5 {[%emt 0:03:33]} 1/2-1/2

[Event "Netanya Open 2019"]
[Site "Netanya"]
[Date "2019.06.23"]
[Round "1.25"]
[White "Mindlin, Alon"]
[Black "Ehrlich, Roy"]
[Result "1-0"]
[WhiteElo "2454"]
[BlackElo "1938"]
[Annotator "ChessBase"]
[PlyCount "65"]
[EventDate "2019.06.23"]
[EventType "swiss"]
[EventCountry "ISR"]
[SourceTitle "playchess.com"]
[Source "ChessBase"]
[SourceQuality "1"]
[TimeControl "40/5400+30:1800+30"]

1. c4 {[%emt 0:00:00]} e6 {[%emt 0:00:00]} 2. d4 {[%emt 0:00:00]} Bb4+ {[%emt 0:00:00]} 3. Nc3 {[%emt 0:00:02]} c5 {[%emt 0:00:00]} 4. e3 {[%emt 0:00:06]} d5 {[%emt 0:03:15]} 5. Bd3 {[%emt 0:01:27]} Nf6 {[%emt 0:07:13]} 6. Nge2 {[%emt 0:00:35]} O-O {[%emt 0:01:38]} 7. O-O {[%emt 0:01:03]} b6 {[%emt 0:05:50]} 8. cxd5 {[%emt 0:06:31]} exd5 {[%emt 0:02:33]} 9. dxc5 {[%emt 0:00:17]} Bxc5 {[%emt 0:07:52]} 10. e4 {[%emt 0:19:54]} dxe4 {[%emt 0:15:30]} 11. Nxe4 {[%emt 0:00:10]} Nbd7 {[%emt 0:02:43]} 12. Bg5 {[%emt 0:06:25]} Be7 {[%emt 0:06:10]} 13. Qa4 {[%emt 0:09:56]} Bb7 {[%emt 0:08:15]} 14. Rfd1 {[%emt 0:06:19]} Bxe4 {[%emt 0:08:06]} 15. Bxe4 {[%emt 0:04:30]} Nxe4 {[%emt 0:00:13]} 16. Rxd7 {[%emt 0:01:01]} Nxg5 {[%emt 0:00:06]} 17. Rxd8 {[%emt 0:00:04]} Rfxd8 {[%emt 0:00:06]} 18. Re1 {[%emt 0:11:18]} Bc5 {[%emt 0:06:41]} 19. Ng3 {[%emt 0:10:04]} Ne6 {[%emt 0:05:49]} 20. Ne4 {[%emt 0:05:31]} Bd4 {[%emt 0:00:58]} 21. b3 {[%emt 0:01:30]} h6 {[%emt 0:00:18]} 22. h4 {[%emt 0:00:07]} a5 {[%emt 0:01:28]} 23. Ng3 {[%emt 0:02:42]} Rac8 {[%emt 0:03:52]} 24. Nf5 {[%emt 0:00:17]} Bf6 {[%emt 0:03:50]} 25. Qg4 {[%emt 0:00:15]} Kf8 {[%emt 0:01:16]} 26. Rd1 {[%emt 0:03:17]} Rxd1+ {[%emt 0:02:32]} 27. Qxd1 {[%emt 0:00:01]} Be5 {[%emt 0:01:38]} 28. g3 {[%emt 0:00:47]} Rc5 {[%emt 0:01:17]} 29. Qd7 {[%emt 0:00:39]} Rc7 {[%emt 0:00:43]} 30. Qb5 {[%emt 0:00:29]} Rc1+ {[%emt 0:00:40]} 31. Kg2 {[%emt 0:00:05]} Bc7 {[%emt 0:01:20]} 32. Qd7 {[%emt 0:00:08]} Bd8 {[%emt 0:00:45]} 33. Nd6 {[%emt 0:00:08]} 1-0

[Event "Netanya Open 2019"]
[Site "Netanya"]
[Date "2019.06.23"]
[Round "1.26"]
[White "Pravdivetz, Vladimir"]
[Black "Abergel, Thal"]
[Result "0-1"]
[WhiteElo "1927"]
[BlackElo "2450"]
[Annotator "TA"]
[PlyCount "66"]
[EventDate "2019.06.23"]
[EventType "swiss"]
[EventCountry "ISR"]
[SourceTitle "playchess.com"]
[Source "ChessBase"]
[SourceQuality "1"]

{[%evp 9,66,17,18,20,35,11,27,12,22,18,18,19,17,22,32,23,36,-4,0,-10,-12,-27,-20,-42,-39,-56,-32,-77,-86,-95,-83,-75,-75,-114,-107,-109,-79,-60,-57,-55,-55,-95,-95,-95,-107,-103,-103,-306,-249,-310,-213,-741,-452,-471,0,-752,-729,-718,-681]} 1. d4 Nf6 2. Nf3 e6 3. Nbd2 d5 4. e3 g6 (4... b6 5. b3 Bb7 6. Bb2 Nbd7 7. Bd3 Be7 8. O-O O-O 9. c4 c5 10. cxd5 Nxd5 11. Rc1 Rc8 12. Nc4 N5f6 13. Qe2 cxd4 14. Bxd4 Nc5 15. Bb1 Qd5 16. Rfd1 Qh5 17. Bxf6 Bxf6 18. Nd6 Bxf3 19. Qxf3 Qxf3 20. gxf3 {½-½ (80) Mamedyarov,S (2817)-Wang,H (2730) St Petersburg 2018}) 5. Bd3 Bg7 6. O-O {D02: 1 d4 d5 2 Nf3 sidelines, including 2...Nf6 3 g3 and 2...Nf6 3 Bf4} Nbd7 7. b4 $146 ({Predecessor:} 7. b3 O-O 8. Bb2 b6 9. Qe2 Re8 10. Ne5 Nxe5 11. dxe5 Nd7 12. f4 c5 {1-0 (53) Fernandez Benito,C (1841)-Aunes Cabanero,J (1700) Barcelona 2014}) 7... O-O 8. Bb2 {White has an edge.} a5 9. a3 c6 10. c4 b6 11. Qc2 Bb7 12. Rfc1 Qe7 13. bxa5 Rxa5 14. a4 Rfa8 15. Bc3 R5a7 {[%cal Ba5a7,Ba7c7,Bc7c6][%mdl 32]} 16. Rcb1 c5 17. Be2 Bc6 {[%cal Ra7a4]} 18. a5 bxa5 19. dxc5 Nxc5 20. Bd4 Rc7 21. Bxc5 Qxc5 22. Nb3 Qe7 {Hoping for ...dxc4.} (22... Qf8 {looks sharper.} 23. Nxa5 Bd7 24. Nd4 Rac8 25. Bd3 e5) 23. Nxa5 Rac8 24. Nxc6 Rxc6 25. Ra4 {[#]} Ne4 $1 {[%cal Re4c3] aiming for ...Nc3.} 26. Nd4 Bxd4 $1 27. exd4 Qf6 28. c5 $2 (28. Bf1 $17 {was worth a try.}) 28... Qxf2+ $19 29. Kh1 Qe3 {( -> ...Nf2+)} 30. Bf3 $2 (30. Bb5 Rb6 {[%mdl 64] Pin} 31. h3) 30... Nf2+ 31. Kg1 Ne4+ (31... Rb6 $142 32. h3 {[#]} Rb2 $1 {[%mdl 512]}) 32. Kh1 {[#]} Nxc5 $1 {[%mdl 512]} 33. dxc5 Rxc5 {Accuracy: White = 31%, Black = 83%.} 0-1

[Event "Netanya Open 2019"]
[Site "Netanya"]
[Date "2019.06.23"]
[Round "1.27"]
[White "Shubin, Kirill"]
[Black "Vagman, Roy"]
[Result "1/2-1/2"]
[WhiteElo "2426"]
[BlackElo "1904"]
[Annotator "NA RC"]
[PlyCount "89"]
[EventDate "2019.06.23"]
[EventType "swiss"]
[EventCountry "ISR"]
[SourceTitle "playchess.com"]
[Source "ChessBase"]
[SourceQuality "1"]
[TimeControl "40/5400+30:1800+30"]

1. e4 {[%emt 0:00:00]} e5 {[%emt 0:00:00]} 2. Nf3 {[%emt 0:00:00]} Nc6 {[%emt 0:00:18]} 3. Bb5 {[%emt 0:00:00]} a6 {[%emt 0:00:21]} 4. Ba4 {[%emt 0:00:02]} Nf6 {[%emt 0:00:24]} 5. O-O {[%emt 0:00:06]} Be7 {[%emt 0:00:24]} 6. Re1 {[%emt 0:00:06]} b5 {[%emt 0:00:32]} 7. Bb3 {[%emt 0:00:06]} O-O {[%emt 0:00:29]} 8. h3 {[%emt 0:00:06]} Bb7 {[%emt 0:00:52]} 9. Nc3 {[%emt 0:01:25]} d6 {[%emt 0:01:13]} 10. a3 {[%emt 0:01:06]} Na5 {[%emt 0:02:00]} 11. Ba2 {[%emt 0:00:08]} c5 {[%emt 0:00:45]} 12. b4 {[%emt 0:03:19]} Nc6 {[%emt 0:04:01]} 13. Nd5 {[%emt 0:00:07]} cxb4 {[%emt 0:01:52]} 14. axb4 {[%emt 0:00:23]} Nxd5 {[%emt 0:00:20]} 15. Bxd5 {[%emt 0:00:05]} Qc7 {[%emt 0:01:11]} 16. c3 {[%emt 0:02:06]} Nb8 {[%emt 0:01:15]} 17. Bb3 {[%emt 0:05:20]} Nd7 {[%emt 0:00:19]} 18. Bb2 {[%emt 0:01:47]} Nb6 {[%emt 0:02:41]} 19. d3 {[%emt 0:07:45]} Kh8 {[%emt 0:00:56]} 20. c4 {[%emt 0:05:42]} f5 {[%emt 0:03:59]} 21. c5 {[%emt 0:02:45]} Nd7 {[%emt 0:02:11]} 22. Be6 {[%emt 0:00:32]} dxc5 {[%emt 0:01:18]} 23. Bxf5 {[%emt 0:00:27]} cxb4 {[%emt 0:02:07]} 24. Rc1 {[%emt 0:01:35]} Qd6 {[%emt 0:00:21]} 25. Bxd7 {[%emt 0:03:01]} Qxd7 {[%emt 0:00:07]} 26. Nxe5 {[%emt 0:00:47]} Qe6 {[%emt 0:00:34]} 27. Qg4 {[%emt 0:09:25]} Qxg4 {[%emt 0:00:47]} 28. Nxg4 {[%emt 0:00:15]} Rac8 {[%emt 0:00:23]} 29. Ne3 {[%emt 0:00:49]} Rxc1 {[%emt 0:10:50]} 30. Rxc1 {[%emt 0:00:04]} Rc8 {[%emt 0:00:10]} 31. Ra1 {[%emt 0:01:23]} Rd8 {[%emt 0:03:01]} 32. e5 {[%emt 0:09:12]} Bc5 {[%emt 0:07:45]} 33. Nf5 {[%emt 0:04:33]} Rxd3 {[%emt 0:10:25]} 34. Rc1 {[%emt 0:00:06]} Rd5 {[%emt 0:07:53]} 35. g4 {[%emt 0:00:09]} Kg8 {[%emt 0:02:15]} 36. e6 {[%emt 0:00:37]} g6 {[%emt 0:03:24]} 37. e7 {[%emt 0:03:01]} Kf7 {[%emt 0:00:34]} 38. Re1 {[%emt 0:00:14]} Bc6 {[%emt 0:00:14]} 39. Nh6+ {[%emt 0:02:10]} Ke8 {[%emt 0:00:16]} 40. Ng8 {[%emt 0:01:25]} Rd2 {[%emt 0:01:13]} 41. Rc1 {[%emt 0:30:17]} Bxe7 {[%emt 0:36:13]} 42. Rxc6 {[%emt 0:06:29]} Rxb2 {[%emt 0:00:40]} 43. Rxa6 {[%emt 0:00:10]} Kf7 {[%emt 0:03:53]} 44. Nxe7 {[%emt 0:00:06]} Kxe7 {[%emt 0:00:08]} 45. Rb6 {[%emt 0:00:04]} 1/2-1/2

[Event "Netanya Open 2019"]
[Site "Netanya"]
[Date "2019.06.23"]
[Round "1.28"]
[White "Gerchikov, Pavel"]
[Black "Kantsler, Boris"]
[Result "0-1"]
[WhiteElo "1902"]
[BlackElo "2420"]
[Annotator "TA"]
[PlyCount "70"]
[EventDate "2019.06.23"]
[EventType "swiss"]
[EventCountry "ISR"]
[SourceTitle "playchess.com"]
[Source "ChessBase"]
[SourceQuality "1"]

{[%evp 9,86,41,47,42,44,29,37,14,27,7,29,41,29,26,33,26,31,26,26,26,27,27,27,27,33,0,0,0,0,0,0,-51,-56,-51,-62,-56,0,0,0,-52,-41,-41,-37,-43,0,-100,-94,-197,-191,-208,-193,-233,-200,-334,-327,-674,-669,-750,-759,-666,-622,-650,-590,-689,-689,-680,-658,-664,-649,-681,-680,-670,-663,-745,-719,-733,-743,-800,-767]} 1. e4 g6 2. h4 h5 3. d4 d5 (3... Bg7 4. Nc3 c6 5. Bc4 d5 6. exd5 b5 7. Bb3 b4 8. Ne4 cxd5 9. Ng5 Nf6 10. N1f3 O-O 11. Ne5 e6 12. O-O Nbd7 13. Nxg6 fxg6 14. Nxe6 {1-0 (56) Shabalov,A (2563)-Nagle,S (2423) chess.com INT 2017}) 4. exd5 Qxd5 $146 ({Predecessor:} 4... Nf6 5. c4 b5 6. cxb5 Nxd5 7. Nc3 Bg7 8. Be2 Bb7 9. Bf3 O-O 10. Nge2 Nxc3 11. Nxc3 Bxf3 12. Qxf3 {1-0 (35) Demkovich,A (2426)-Krupa,M (2211) Barlinek 2002}) 5. Nc3 Qd8 6. Nf3 {B06: Modern Defence} Bg4 7. Be2 Bg7 8. Be3 {White is slightly better.} Nh6 9. Ne5 {[%cal Re5g4]} Bxe5 10. dxe5 Qxd1+ 11. Rxd1 {Strongly threatening Nd5.} ({Don't play} 11. Nxd1 Bxe2 12. Kxe2 Nf5 $15) 11... Bxe2 12. Kxe2 Nf5 13. Nd5 Na6 14. c3 O-O-O 15. g3 ({Of course not} 15. Bxa7 e6 $17) 15... e6 16. Nf6 Nb8 17. Ne4 Nc6 18. Bg5 Rd5 19. Bf6 Re8 20. f4 ({White should try} 20. c4 $1 $11 Ra5 21. a3) 20... Ra5 $1 $15 21. Ra1 Ra4 $1 $36 {[%cal Ra4e4][%mdl 2048] Black is pushing.} 22. b4 a5 (22... Ra3 $1 $15) 23. a3 $11 {aiming for Nc5.} b6 24. Kf3 (24. Kd3 $11) 24... Kb7 25. Ng5 Ra8 {[%cal Ra5b4]} 26. b5 Na7 27. Nxf7 (27. Rhb1 $1 $11) 27... Nxb5 $17 28. Nd8+ {[#]} (28. Rhc1 $17 {was necessary.}) 28... Rxd8 $1 $19 {[%mdl 512]} 29. Bxd8 Nxc3 30. Rhc1 Nd4+ 31. Kg2 (31. Kf2 $142 Nd5 32. Rf1) 31... Nd5 32. Kh3 $2 (32. Rg1 Nc2 33. Ra2) 32... Nb3 {Black is clearly winning.} 33. Rd1 Nxa1 34. Rxa1 {[%mdl 4096] Endgame KRB-KRN} Rd4 35. Bg5 c5 {Played: Rd4-d3} 0-1